000 01268 a2200253 4500
005 2008091107577.0
008 080911t xxu||||| |||| 00| 0 hin d
010 _aHIN-79739
020 _a818203003x
_c175.00
035 _aHN-52085
037 _bD.B.Act / pub
082 _a
100 _aगैरोला, महाबीर प्रसाद
245 _aलीक से हट कर
_cमहाबीर प्रसाद गैरोला
246 _aLeek se hat kar
_bby Mahavir Prasad Garola
260 _aदिल्ली
_bलोकप्रिय प्रकाशन
_c2005
270 _a79,चंदु पार्क,गली नं.20
_bदिल्ली
_e110051
300 _a152पृ
_c22 सेमी (सजिल्द)
650 _aहिन्दी कहानियाँ
650 _aHindi Stories
942 _adpl
_cHN
_kक / गैरोला
_2ddc
_h
_mगैरोला
999 _c3531
_d3531